000 00374 a2200169 4500
001 184311
020 _a85-08-0769-0
040 _cMagnum
100 _aBrezina, Thomas
240 1 0 _aO barco do demônio
_lpor
245 1 0 _aO barco do demônio
300 _a86
362 0 _a2001
440 1 _aÁtica
697 _aLITERATURA INFANTO-JUVENIL ESTRANGEIRA
942 _cBK
999 _c184311
_d184311